Ασφάλεια στο πρωτόκολλο SIP με χρήση του αλγορίθμου Station-to-Station (STS) : πτυχιακή εργασία

Η παρούσα πτυχιακή εργασία επικεντρώνεται σε ζητήματα ασφάλειας του πρωτοκόλλου SIP και στην μελέτη και υλοποίηση της κρυπτογραφικής μεθόδου ανταλλαγής κλειδιών Station-to-Station....

Πλήρης περιγραφή

Αποθηκεύτηκε σε:
Λεπτομέρειες βιβλιογραφικής εγγραφής
Κύριος συγγραφέας: Πάνος, Ελευθέριος
Συγγραφή απο Οργανισμό/Αρχή: Πανεπιστήμιο Αιγαίου. Σχολή Θετικών Επιστημών. Τμήμα Μηχανικών Πληροφοριακών και Επικοινωνιακών Συστημάτων
Μορφή: Thesis Βιβλίο
Γλώσσα:Greek
Δημοσίευση: 2008.
Θέματα:
Διαθέσιμο Online:http://hdl.handle.net/11610/8924
Ετικέτες: Προσθήκη ετικέτας
Δεν υπάρχουν, Καταχωρήστε ετικέτα πρώτοι!

MARC

LEADER 00000cam a2200000 i 4500
001 1/95600
008 081016s2008 gr | ||| |||| ||gre||
035 |l 10100961 
040 |a GR-MyUA  |b gre  |e AACR2 
041 0 |a gre 
082 0 |a 005.8   |2 (22)  
100 1 |a Πάνος, Ελευθέριος. 
245 1 0 |a Ασφάλεια στο πρωτόκολλο SIP με χρήση του αλγορίθμου Station-to-Station (STS) :   |b πτυχιακή εργασία /   |c του Ελευθέριου Πάνου ; επιβλέπων καθηγητής, Κωνσταντίνος Λαμπρινουδάκης.  
260 |c 2008.  
300 |a iii, 78 σ. :   |b  πιν., σχέδια ;   |c 30 εκ.  
500 |a Μέλη της εξεταστικής επιτροπής: Λαμπρινουδάκης Κωνσταντίνος, Γκρίτζαλης Στέφανος, Καμπουράκης Γεώργιος.  
502 |a Πτυχιακή εργασία – Πανεπιστήμιο Αιγαίου, Σάμος, 2008. 
504 |a Βιβλιογραφία: σ. 50-51.  
506 1 |a Διάθεση πλήρους κειμένου ;   |d Ενδοπανεπιστημιακή δημοσίευση.  
520 |a Η παρούσα πτυχιακή εργασία επικεντρώνεται σε ζητήματα ασφάλειας του πρωτοκόλλου SIP και στην μελέτη και υλοποίηση της κρυπτογραφικής μεθόδου ανταλλαγής κλειδιών Station-to-Station. 
610 2 0 |a University of the Aegean  |x Dissertations. 
650 0 0 |a Computer network protocols. 
650 0 0 |a Computer security. 
650 0 0 |a Algorithms. 
650 0 0 |a Dissertations, Academic  |z Greece. 
700 1 |a Λαμπρινουδάκης, Κωνσταντίνος,  |e dgs 
710 2 |a Πανεπιστήμιο Αιγαίου.   |b Σχολή Θετικών Επιστημών.   |b Τμήμα Μηχανικών Πληροφοριακών και Επικοινωνιακών Συστημάτων. 
852 |a INST  |b SAMOS  |c DIATR  |e 20081016  |h 005.8 ΠΑΝ  |p 005300029845  |q 005300029845  |t DIE  |y 23 
852 |a INST  |b SAMOS  |c DIATR  |e 20081016  |h 005.8 ΠΑΝ  |p 005300029846  |q 005300029846  |t DIE  |y 23 
856 |u http://hdl.handle.net/11610/8924 
901 |a BIBL3-2008-3 
909 |a Σ  |b 134901 
909 |a Σ  |b 134902 
924 |a ΠΑΝΟΣ  |b ΕΛΕΥΘΕΡΙΟΣ  |y Σάμος  |z 2008-09 
970 |a ΚΟΣΙΕΡΗΣ  |b ΧΡΗΣΤΟΣ  |z 2008/10/16